[Event "2016 Michiagn Open"]
[Site "Livonia"]
[Date "2016.09.04"]
[Round "4"]
[White "Anand, Rajesh"]
[Black "Jones, G. AVery"]
[Result "0-1"]
[WhiteElo "1505"]
[BlackElo "1670"]
[PlyCount "66"]
[EventDate "2016.09.04"]
[EventType "swiss"]
[EventRounds "7"]

1. d4 d5 2. Bf4 c6 3. e3 Nf6 4. Nd2 g6 5. Ngf3 Bg7 6. c3 O-O 7. Qc2 Re8 8. h4 Nh5 9. g4 {[I just love it when my opponent starts to attack BEFORE castling, at this time I am getting a good feeling...]} Nxf4 10. exf4 Qc7 11. f5 e5 12. dxe5 Nd7 13. Bd3 Nxe5 14. Nxe5 Qxe5+ 15. Kd1 Qf4 16. f3 Re3 17. Kc1 Rxf3 {[I almost missed this move, i knew I was starting to tighten things so I kept looking and looking then BAM! the knight can't move If the pawn is taken].} 18. b3 Rf2 19. fxg6 fxg6 20. h5 Bh6 21. Re1 {[I think I would have had a tougher game finishing If my opponent had played hg6.]} Qxd2+ {(I think 22...Qd3! 23.Qf2, Qc3+ 24. Kb1 ( 23.Ka3?? Qa5 mates!) 24.... Qa1+ 25.Kc2, Qb2+ wins the Queen! LWR)} 22. Kb2 {(I think 22...Qd3! 23.Qf2, Qc3+ 24. Kb1 ( 23.Ka3?? Qa5 mates!) 24.... Qa1+ 25.Kc2, Qb2+ wins the Queen! LWR)} Bxg4 23. hxg6 Qxc2+ 24. Bxc2 hxg6 25. Kb1 Bf5 26. Bxf5 gxf5 27. a4 Kf7 28. Ra2 Rxa2 29. Kxa2 Re8 30. Rh1 Re2+ 31. Ka3 Bg7 32. Kb4 b6 33. a5 Bf8+ {(Avery indicates this is a mate, but White can play Ka4!LWR)I am really proud of this game, I saw some small opportunities, and built upon them, when I had to fight, I fought hard. I was the aggressor in this game. I am not usually that kind of a player.} 0-1

[Event "2016 Michigan Open"]
[Site "Livonia"]
[Date "2016.09.04"]
[Round "5"]
[White "Jones, G. Avery"]
[Black "Kinnicutt, Patrick"]
[Result "0-1"]
[WhiteElo "1670"]
[BlackElo "1525"]
[PlyCount "72"]
[EventDate "2016.09.04"]
[EventType "swiss"]
[EventRounds "7"]

1. d4 d5 2. Nf3 Nc6 3. Bf4 Bf5 4. c3 b5 5. b4 e6 6. e3 a6 7. Bd3 Nge7 8. O-O h6 9. Qc2 Bxd3 10. Qxd3 Ng6 11. Bg3 Bd6 12. Nbd2 O-O 13. e4 Nf4 14. Bxf4 Bxf4 15. e5 Ne7 16. Nb3 Ng6 17. Nc5 Bg5 {[Fireworks coming, cover your eyes, I have to honestly say I MISSED 18 ....Nxe5 by my opponent.]} 18. Nxe6 Nxe5 19. Nxe5 fxe6 20. a4 Qe8 21. axb5 Qxb5 22. Qh3 {Diagram  [Cooler heads prevailed?]} Rf5 23. Ra5 Qb7 24. Rfa1 Raf8 25. Rxa6 {[?????? that a pawn is mine, it is there like walking in the woods an seeing a 20 dollar bill, no one is around, it is not going anywhere or so it seems. What I should have done was play Ra1-a2!!!]} Rxf2 26. Qxe6+ Kh7 {.[ I could still redeem myself here with Nf3, followed by nxB at g5 but NO, I am going to look for more 20 dollar bills]} 27. Qg6+ Kh8 {.[ I could still redeem myself here with Nf3, followed by nxB at g5 but NO, I am going to look for more 20 dollar bills]} 28. Nd7 Rf1+ 29. Rxf1 Be3+ 30. Rf2 Bxf2+ 31. Kh1 Qb5 32. Ra1 Qxd7 33. Rf1 Qb5 34. Qb1 Kg8 35. g3 Qe2 36. b5 Qf3# {# This loss hurts. The victory was well deserved by my opponent, he earned it.} 0-1

[Event "2016 Michigan Open"]
[Site "Livonia"]
[Date "2016.09.05"]
[Round "6"]
[White "Adams, Q. Dwight"]
[Black "Jones, G. Avery"]
[Result "0-1"]
[WhiteElo "1477"]
[BlackElo "1670"]
[Annotator "Doe,John"]
[PlyCount "36"]
[EventDate "2016.09.05"]
[EventType "swiss"]
[EventRounds "7"]

1. d4 d5 2. Nf3 Nf6 3. e3 Bg4 4. Bd3 e6 5. Nbd2 Bd6 6. c3 O-O 7. Qc2 h6 8. h3 Bxf3 9. Nxf3 Nbd7 10. O-O c5 11. b3 Rc8 12. c4 cxd4 13. exd4 e5 14. dxe5 Nxe5 15. Nxe5 Bxe5 16. Bb2 {Bb2 [The evolution of Mr. Jones, the old Jones would have made a clean simple exchange, but I saw that after BxB, I can take a B back after dxc4] dxc4 Things got better after bxc3, ahhhh I really like this game.]} dxc4 17. bxc4 Bxb2 18. Qxb2 Qxd3 {Resigns! .} 0-1

[Event "2016 Michigan Open"]
[Site "Livonia"]
[Date "2016.09.05"]
[Round "7"]
[White "Jones, G. Avery"]
[Black "Swathell, Gary"]
[Result "1-0"]
[WhiteElo "1670"]
[BlackElo "1500"]
[PlyCount "101"]
[EventDate "2016.09.05"]
[EventType "swiss"]
[EventRounds "7"]

1. d4 Nf6 2. Nf3 d5 3. Bf4 g6 4. e3 Bg7 5. Bd3 O-O 6. Nbd2 c6 7. O-O Nh5 8. Bg5 Nf6 9. c4 h6 10. Bf4 Nh5 11. Be5 f6 {[ I thought about taking g6, however as I said earlier, I do not like to open up files where rooks can aim at my King.]} 12. Bg3 Nxg3 13. hxg3 {[Right now I feel I have a slight edge, my opponent has not used his bishop and Knight on his queenside and his pawns are pushed away from his king. I feel kind of good.]} g5 14. Nh2 f5 15. Rc1 Be6 16. Nhf3 Nd7 17. Qc2 Rc8 18. b3 a6 {[Up till now I can't find any weaknesses to explore, my time is running, my opponent has only used 5 minutes.]} 19. Qb1 Qe8 20. a3 Qf7 21. a4 c5 {[My last 2 moves are just passing time, I can't find anything to exploit.]} 22. cxd5 Bxd5 23. Bc4 e6 24. Bxd5 exd5 25. Qd3 cxd4 26. exd4 g4 27. Rxc8 Rxc8 28. Nh4 Rf8 29. Re1 f4 {[ I think Qf6 would have been better for my for my opponent. I am very concerned, the tide is turning and my time is running out.]} 30. Ng6 {Diagram  [Here I found the move!]} Qf6 31. Nxf8 Nxf8 32. Re5 fxg3 33. Qxg3 Qc6 34. Re2 h5 35. Nf1 Bxd4 36. Qf4 Qf6 37. Qxf6 Bxf6 38. Ng3 h4 39. Nf5 h3 40. gxh3 gxh3 41. Rd2 Ne6 42. Rxd5 Nf4 43. Rd7 Be5 44. Rxb7 Ne2+ 45. Kh1 Nf4 46. Ra7 Nd3 47. Nh6+ Kf8 48. Ng4 Bd4 49. Rxa6 Ke7 50. Rh6 Nf4 51. a5 1-0

[Event "1987 PHCC Closed Championships"]
[Site "Port Huron"]
[Date "1987.02.05"]
[Round "2"]
[White "Eagle, Christopher"]
[Black "Goodell, Fredrick"]
[Result "1-0"]
[WhiteElo "1761"]
[BlackElo "1688"]
[PlyCount "63"]
[EventDate "1987.02.05"]
[EventType "tourn"]
[EventRounds "5"]

1. e4 c5 2. Nc3 d6 3. f4 g6 4. Nf3 Bg7 5. Bc4 Nf6 6. O-O O-O 7. Qe1 Nbd7 8. d3 a6 9. a4 b6 10. e5 dxe5 11. fxe5 Ne8 12. e6 fxe6 13. Qxe6+ Kh8 14. Nd5 Ne5 15. Qxb6 Qd6 16. Bf4 Nxc4 17. Bxd6 Nxb6 18. Nxb6 exd6 19. Nxa8 Nf6 20. Nb6 Bb7 21. Rae1 Ng4 22. c3 Bc6 23. Ng5 Rxf1+ 24. Rxf1 d5 25. Nc8 Bf6 26. Nxh7 Kxh7 27. h3 Bg7 28. hxg4 Bxa4 29. Ne7 d4 30. Kf2 dxc3 31. Rh1+ Bh6 32. g5 1-0

[Event "1987 PHCC Closed Championships"]
[Site "Port Huron"]
[Date "1987.02.05"]
[Round "2"]
[White "Rutkofske, Lonnie"]
[Black "Tanton, Jeffery"]
[Result "1-0"]
[WhiteElo "1764"]
[BlackElo "1405"]
[PlyCount "39"]
[EventDate "1987.02.05"]
[EventType "tourn"]
[EventRounds "5"]

1. c4 e5 2. Nc3 Nf6 3. g3 c6 4. Bg2 Be7 5. e4 d6 6. Nge2 Nbd7 7. O-O O-O 8. d3 h6 9. b3 Nc5 10. h3 Be6 11. f4 exf4 12. Nxf4 Nfd7 13. d4 Na6 14. d5 cxd5 15. cxd5 Bf6 16. Bb2 Ne5 17. dxe6 Qb6+ 18. Kh2 Nc4 19. Ncd5 Qd8 20. Nxf6+ 1-0

[Event "1987 PHCC Closed Championships "]
[Site "Port Huron"]
[Date "1987.02.19"]
[Round "4"]
[White "Tanton, Jeffery"]
[Black "Alexander, James"]
[Result "0-1"]
[WhiteElo "1405"]
[BlackElo "1710"]
[PlyCount "66"]
[EventDate "1987.02.31"]
[EventType "tourn"]
[EventRounds "5"]

1. d4 Nf6 2. c4 e6 3. Nf3 d5 4. Nc3 Bb4 5. a3 Bxc3+ 6. bxc3 O-O 7. e3 b6 8. cxd5 exd5 9. g3 Ne4 10. Qc2 Nd7 11. Bg2 Ndf6 12. O-O Nd6 13. Nd2 Bf5 14. Qd1 Bd3 15. Re1 Re8 16. Nf3 Be4 17. a4 Nc4 18. Ng5 Bxg2 19. Kxg2 Qe7 20. Qe2 h6 21. Nf3 Ne4 22. Qd3 Qf6 23. Re2 g5 24. Nd2 Ncxd2 25. Bxd2 g4 26. Kg1 Kg7 27. Ra2 h5 28. c4 c6 29. cxd5 cxd5 30. Qb5 Qf3 31. Be1 Ng5 32. Rec2 Nh3+ 33. Kf1 Rxe3 0-1

[Event "1987 PHCC Closed Championships "]
[Site "Port Huron"]
[Date "1987.02.19"]
[Round "4"]
[White "Goodell, Fredrick"]
[Black "Gillion, Timothy"]
[Result "0-1"]
[WhiteElo "1688"]
[BlackElo "1819"]
[Annotator "Doe,John"]
[PlyCount "46"]
[EventDate "1987.02.19"]
[EventType "tourn"]
[EventRounds "5"]

1. d4 g6 2. e4 Bg7 3. c4 d6 4. Nc3 Nf6 5. f3 O-O 6. Be3 e5 7. d5 c6 8. Bd3 Nh5 9. Nge2 f5 10. Qd2 f4 11. Bf2 Na6 12. O-O-O c5 13. Kb1 Nc7 14. Bc2 Rb8 15. Bxc5 dxc5 16. d6 Ne6 17. d7 Nd4 18. dxc8=Q Rxc8 19. Nxd4 cxd4 20. Nd5 Nf6 21. Nxf6+ Rxf6 22. Bd3 Rb6 23. Qa5 $4 Rxb2+ 0-1

[Event "1987 PHCC Closed Championships"]
[Site "Port Huron"]
[Date "1987.03.05"]
[Round "1"]
[White "Eagle, Christopher"]
[Black "Tanton, Jeffery"]
[Result "1-0"]
[WhiteElo "1761"]
[BlackElo "1405"]
[PlyCount "75"]
[EventDate "1987.03.05"]
[EventType "tourn"]
[EventRounds "5"]

1. e4 e5 2. Nf3 Nc6 3. d4 exd4 4. Bc4 d5 5. Bxd5 Nf6 6. Bg5 Be7 7. Bxc6+ bxc6 8. e5 Nd5 9. Bxe7 Qxe7 10. Qxd4 O-O 11. O-O Nb4 12. Qe4 Bd7 13. a3 Nd5 14. c4 Nb6 15. b4 c5 16. b5 a5 17. Nc3 Be6 18. Nd5 Bxd5 19. cxd5 Rad8 20. Rad1 Rfe8 21. Rfe1 h6 22. Nh4 c4 23. Nf5 Qxa3 24. Qg4 Qf8 25. Nxh6+ Kh8 26. Nf5 Nxd5 27. Rd4 Qg8 28. Qf3 g5 29. Rxd5 g4 30. Qe4 Rxd5 31. Qxd5 c3 32. Nh6 Qg7 33. Nxf7+ Kh7 34. e6 c2 35. Qh5+ Kg8 36. Nh6+ Kf8 37. Qc5+ Re7 38. Nf5 1-0

[Event "1987 PHCC Closed Championships"]
[Site "Port Huron"]
[Date "1987.02.26"]
[Round "2"]
[White "Gillion, Timothy"]
[Black "Alexander, James"]
[Result "0-1"]
[WhiteElo "1819"]
[BlackElo "1710"]
[Annotator "Doe,John"]
[PlyCount "77"]
[EventDate "1987.02.26"]
[EventType "tourn"]
[EventRounds "5"]

1. e4 c6 2. d4 d5 3. Nc3 dxe4 4. Nxe4 Bf5 5. Ng3 Bg6 6. N1e2 h6 7. Nf4 Bh7 8. Bc4 Nf6 9. O-O e6 10. Re1 Bd6 11. c3 Bxf4 12. Bxf4 O-O 13. Qe2 Re8 14. Rad1 Nbd7 15. Nf1 Nd5 16. Bg3 N7f6 17. Bd3 Bxd3 18. Rxd3 Ne7 19. Nd2 Nf5 20. Be5 Nd7 21. Ne4 f6 22. Bg3 Nxg3 23. Rxg3 Qe7 24. Re3 Nf8 25. Nc5 e5 26. Qc4+ Kh8 27. b4 Qc7 28. dxe5 fxe5 29. f4 Ng6 30. f5 Nf4 31. Ne6 Qd7 32. Nxf4 exf4 33. Qxf4 Rxe3 34. Qxe3 Qxf5 35. Rf1 Qd7 36. h3 Re8 37. Qf2 b6 38. Qf7 Qxf7 39. Rxf7 {White loses on time.} 0-1

[Event "1987 PHCC Closed Championships"]
[Site "Port Huron"]
[Date "1987.03.05"]
[Round "1"]
[White "Gillion, Timothy"]
[Black "Rutkofske, Lonnie"]
[Result "1/2-1/2"]
[WhiteElo "1819"]
[BlackElo "1764"]
[PlyCount "36"]
[EventDate "1987.03.05"]
[EventType "tourn"]
[EventRounds "5"]

1. Nf3 Nf6 2. g3 g6 3. Bg2 Bg7 4. O-O O-O 5. d3 d6 6. e4 e5 7. Nbd2 Nbd7 8. c3 Re8 9. Ne1 Nf8 10. f4 Ng4 11. Ndf3 f6 12. Nc2 c6 13. Qe2 Qe7 14. h3 Nh6 15. Qf2 Nf7 16. Bd2 a5 17. a4 c5 18. Ne3 Qd8 1/2-1/2

[Event "1987 PHCC Closed Championships"]
[Site "Port Huron"]
[Date "1987.03.12"]
[Round "4"]
[White "Rutkofske, Lonnie"]
[Black "Eagle, Christopher"]
[Result "0-1"]
[WhiteElo "1764"]
[BlackElo "1761"]
[PlyCount "74"]
[EventDate "1987.03.12"]
[EventType "tourn"]
[EventRounds "5"]

1. e4 e5 2. Nf3 Nc6 3. d3 Nf6 4. g3 d5 5. exd5 Qxd5 6. c4 Qd8 7. Bg2 Bb4+ 8. Nc3 Bf5 9. O-O Qxd3 10. Qa4 O-O 11. Nd5 Nxd5 12. cxd5 Qxd5 13. Nh4 Be4 14. Bxe4 Qxe4 15. a3 Nd4 16. Ng2 Be7 17. Qd7 Bd6 18. Be3 Rad8 19. Qh3 Qc2 20. Qh5 Qg6 21. Qd1 Bc5 22. Rc1 Bb6 23. Rc4 Qe4 24. Qa4 Rd5 25. Kh1 Rfd8 26. Bg5 Rf8 27. Be3 h6 28. b4 Qf5 29. Qd1 Rfd8 30. a4 Nf3 31. Qe2 Bxe3 32. fxe3 e4 33. Nh4 Qh3 34. Nxf3 exf3 35. Qxf3 Rd2 36. Qxf7+ Kh8 37. Rh4 Qg2# 0-1

[Event "1987 PHCC Closed Championships"]
[Site "?"]
[Date "1987.03.19"]
[Round "3"]
[White "Eagle, Christopher"]
[Black "Gillion, Timothy"]
[Result "0-1"]
[WhiteElo "1761"]
[BlackElo "1819"]
[PlyCount "70"]
[EventDate "1987.03.19"]
[EventType "tourn"]
[EventRounds "5"]

1. e4 d5 2. exd5 Nf6 3. d4 Nxd5 4. c4 Nb6 5. Nf3 g6 6. Nc3 Bg7 7. c5 Nd5 8. Bc4 c6 9. Qb3 e6 10. O-O O-O 11. Ne4 Nd7 12. Bxd5 cxd5 13. Ng3 Qc7 14. h4 b6 15. Be3 bxc5 16. dxc5 Ne5 17. Nxe5 Qxe5 18. Rab1 Qc7 19. Qd1 Bb7 20. b4 d4 21. Bd2 Bd5 22. a4 e5 23. b5 e4 24. c6 e3 25. Bxe3 dxe3 26. Qxd5 exf2+ 27. Kh2 Rad8 28. Qf3 Rd4 29. Rxf2 Rxh4+ 30. Kg1 Bd4 31. a5 Rf4 32. Qd5 Bxf2+ 33. Kf1 Bxg3+ 34. Kg1 Bf2+ 35. Kf1 Bb6+ 0-1

[Event "1987 PHCC Closed Championships "]
[Site "Port Huron"]
[Date "1987.03.19"]
[Round "3"]
[White "Rutkofske, Lonnie"]
[Black "Alexander, James"]
[Result "1-0"]
[WhiteElo "1764"]
[BlackElo "1710"]
[PlyCount "79"]
[EventDate "1987.03.19"]
[EventType "tourn"]
[EventRounds "5"]

1. c4 c5 2. Nc3 Nf6 3. e4 d6 4. g3 g6 5. Bg2 Bg7 6. Nge2 O-O 7. O-O Nc6 8. d3 a6 9. Bg5 h6 10. Bd2 Rb8 11. a4 Bd7 12. f4 Nd4 13. Nxd4 cxd4 14. Nd5 e6 15. Nb4 Qc7 16. b3 h5 17. Rc1 Ng4 18. Nc2 Qb6 19. Rb1 Bc6 20. Qe1 Nf6 21. Ba5 Qa7 22. Bc7 Rbd8 23. Bxd8 Rxd8 24. h3 Qb6 25. a5 Qc7 26. b4 Ne8 27. Rc1 Qd7 28. Na3 Nc7 29. Kh2 Kh7 30. Rf2 Qe7 31. Qe2 Kg8 32. Rcf1 f5 33. exf5 gxf5 34. Re1 Qf6 35. Bxc6 bxc6 36. Ref1 Bf8 37. Nc2 Rb8 38. Rb1 Kf7 39. Ne1 Kg8 40. Nf3 1-0

[Event "1987 PHCC Closed Championships "]
[Site "Port Huron"]
[Date "1987.03.26"]
[Round "5"]
[White "Rutkofske, Lonnie"]
[Black "Goodell, Frederick"]
[Result "1-0"]
[WhiteElo "1764"]
[BlackElo "1688"]
[PlyCount "83"]
[EventDate "1987.03.26"]
[EventType "tourn"]
[EventRounds "5"]

1. c4 Nf6 2. Nc3 g6 3. g3 Bg7 4. Bg2 d6 5. e4 O-O 6. Nge2 e5 7. O-O Bd7 8. d3 c5 9. Bg5 h6 10. Bd2 Kh7 11. h3 Na6 12. a3 Nc7 13. Qc1 Qc8 14. Kh2 Nfe8 15. f4 f5 16. Be3 Ne6 17. Nd5 Qd8 18. Rb1 Rb8 19. b4 b6 20. Qd2 N8c7 21. Nxc7 Qxc7 22. Rbe1 fxe4 23. Bxe4 exf4 24. Nxf4 Nxf4 25. Bxf4 Rf6 26. Re2 Rbf8 27. Rfe1 Bc6 28. Bxc6 Qxc6 29. b5 Qa8 30. h4 Qd8 31. Qe3 Rxf4 32. gxf4 Qxh4+ 33. Kg2 Rxf4 34. Rf2 Qg4+ 35. Kf1 Rxf2+ 36. Qxf2 Qf5 37. Qxf5 gxf5 38. Re6 Be5 39. Re7+ Kg8 40. Rxa7 Bc3 41. Ra6 Ba5 42. Rxa5 1-0

[Event "1987 PHCC Closed Championships "]
[Site "Port Huron"]
[Date "1987.04.02"]
[Round "5"]
[White "Gillion, Timothy"]
[Black "Tanton, Jeffery"]
[Result "1-0"]
[WhiteElo "1819"]
[BlackElo "1405"]
[Annotator "Doe,John"]
[PlyCount "39"]
[EventDate "1987.04.02"]
[EventType "tourn"]
[EventRounds "5"]

1. Nf3 Nf6 2. g3 d5 3. Bg2 e6 4. O-O Nbd7 5. d3 Bd6 6. Nbd2 O-O 7. e4 dxe4 8. dxe4 e5 9. Qe2 Re8 10. Nc4 Bc5 11. h3 a6 12. a4 Qe7 13. Nh4 Nf8 14. Ne3 Bxe3 15. Bxe3 Be6 16. Rfe1 N8d7 17. Bd2 Nb6 18. b3 c5 19. Bc3 Nfd7 20. Qh5 {Black lost on time} 1-0

[Event "1987 PHCC Closed Championships "]
[Site "Port Huron"]
[Date "1987.04.09"]
[Round "5"]
[White "Alexander, James"]
[Black "Eagle, Christopher"]
[Result "1-0"]
[WhiteElo "1710"]
[BlackElo "1761"]
[Annotator "Doe,John"]
[PlyCount "55"]
[EventDate "1987.04.09"]
[EventType "tourn"]
[EventRounds "5"]

1. e4 e5 2. Nf3 Nc6 3. Bb5 a6 4. Ba4 Nf6 5. O-O Be7 6. Re1 O-O 7. c3 b5 8. Bb3 d5 9. exd5 Nxd5 10. Nxe5 Nxe5 11. Rxe5 c6 12. g3 Bd6 13. Re1 Qd7 14. d4 Qh3 15. Qf3 Bf5 16. Be3 Rae8 17. Nd2 Bg4 18. Qg2 Qh5 19. a4 Bh3 20. Qf3 Bg4 21. Qg2 Re6 22. Bxd5 cxd5 23. axb5 axb5 24. Ra5 Bf4 25. Rxb5 Bxe3 26. Rxe3 Ra8 27. Nb3 Bf3 $4 28. Qxf3 {Resigns} 1-0

[Event "1987 PHCC Closed Championships "]
[Site "Port Huron"]
[Date "1987.04.16"]
[Round "1"]
[White "Alexander, James"]
[Black "Goodell, Frederick"]
[Result "0-1"]
[WhiteElo "1710"]
[BlackElo "1688"]
[PlyCount "80"]
[EventDate "1987.04.16"]
[EventType "tourn"]
[EventRounds "5"]

1. e4 g6 2. d4 Bg7 3. Nc3 d6 4. f4 Nf6 5. Nf3 O-O 6. Bd3 Bg4 7. h3 Bxf3 8. Qxf3 c6 9. O-O Nbd7 10. e5 dxe5 11. fxe5 Ne8 12. Be3 Nc7 13. Ne4 Nd5 14. Bd2 Qb6 15. Qf2 Nb4 16. Bc4 Nxc2 17. Bxf7+ Kh8 18. Bc3 Nxa1 19. Qh4 Nxe5 20. Ng5 h6 21. Kh1 Nxf7 22. Nxf7+ Kg8 23. Qxe7 Rae8 24. Qd7 Qb5 25. Rxa1 Re2 26. Rf1 Qd5 27. Qg4 Rxf7 28. Qxe2 Rxf1+ 29. Qxf1 Qxa2 30. Qd3 Kh7 31. Qe4 Qf7 32. Qd3 Qd7 33. Qe4 a5 34. Qd3 b5 35. b3 b4 36. Bb2 c5 37. Qe4 cxd4 38. Bc1 Qf5 39. Qb7 Qf1+ 40. Kh2 Qxc1 0-1

[Event "2016 Michigan Senior Open"]
[Site "Roseville"]
[Date "2016.10.15"]
[Round "1"]
[White "Gregg, Alan"]
[Black "Kung, Frederick"]
[Result "1-0"]
[WhiteElo "1941"]
[BlackElo "1700"]
[PlyCount "67"]
[EventDate "2016.10.15"]
[EventType "swiss"]
[EventRounds "4"]

1. Nf3 Nf6 2. c4 e6 3. g3 d5 4. Bg2 c5 5. O-O Nc6 6. b3 Be7 7. Bb2 O-O 8. d3 d4 9. Na3 a6 10. Nc2 Rb8 11. b4 cxb4 12. Nfxd4 Bd7 13. Nf3 b5 14. Ne5 Qc7 15. Nxd7 Qxd7 16. cxb5 Rxb5 17. Ne3 Nd5 18. Nxd5 exd5 19. d4 Bf6 20. e3 Na5 21. Qe2 Nc4 22. Rfc1 Rb6 23. Rc2 Re8 24. Qd3 Rc6 25. Qb3 Rec8 26. Rac1 Nd2 27. Qa4 Rxc2 28. Rxc2 Rxc2 29. Qxd7 Rc1+ 30. Bf1 Rxf1+ 31. Kg2 g6 32. Qc8+ Kg7 33. Qc2 Ne4 34. Kxf1 1-0

[Event "2016 Michigan Senior Open"]
[Site "Roseville"]
[Date "2016.10.15"]
[Round "2"]
[White "Smalec, John"]
[Black "Gregg, Alan"]
[Result "0-1"]
[WhiteElo "1600"]
[BlackElo "1941"]
[Annotator "Alan Gregg"]
[PlyCount "96"]
[EventDate "2016.10.15"]
[EventType "swiss"]
[EventRounds "4"]

1. d4 Nf6 2. Bf4 g6 3. Nf3 d6 4. e3 Bg7 5. h3 O-O 6. Be2 c5 7. c3 b6 8. O-O Bb7 9. Nbd2 Nbd7 10. Re1 Re8 11. Bb5 a6 12. Ba4 b5 13. Bb3 e5 14. dxe5 dxe5 15. Bg5 e4 16. Nh2 c4 17. Bc2 Nc5 18. Ng4 Qb6 19. a4 Nd3 20. Bxd3 exd3 21. axb5 axb5 22. Nxf6+ Bxf6 23. Qg4 Rad8 24. Bh6 Bg7 25. Bg5 Ra8 26. h4 h5 27. Qg3 Kh7 28. Bf4 f5 29. Nf3 Bxf3 30. Qxf3 Ra6 31. Qd5 Qa7 32. Rxa6 Qxa6 33. Qd7 Re6 34. Bg5 Rd6 35. Qe7 Rb6 36. Qc7 Qb7 37. Qxb7 Rxb7 38. e4 fxe4 39. Rxe4 Rd7 40. Bd2 Ra7 41. Re1 b4 42. f4 bxc3 43. bxc3 Ra2 44. Rd1 Rc2 45. Kf2 Bxc3 46. Ke3 Bxd2+ 47. Rxd2 Rxd2 48. Kxd2 Kg7 0-1

[Event "2018 Michigan Senior"]
[Site "Flint"]
[Date "2018.06.23"]
[Round "1"]
[White "Schweibert, Loren"]
[Black "Gregg, Alan"]
[Result "1/2-1/2"]
[WhiteElo "1681"]
[BlackElo "1974"]
[PlyCount "60"]
[EventDate "2018.06.23"]
[EventType "swiss"]
[EventRounds "4"]

1. e4 e5 2. Nc3 Nf6 3. Bc4 Be7 4. f4 d6 5. h3 c6 6. d3 a5 7. a4 exf4 8. Bxf4 O-O 9. Nf3 d5 10. exd5 cxd5 11. Bb5 Nc6 12. O-O d4 13. Ne2 Nd5 14. Nfxd4 Nxd4 15. Nxd4 Nxf4 16. Rxf4 Bg5 17. Re4 f5 18. Bc4+ Kh8 19. Ne6 Bxe6 20. Rxe6 Qd4+ 21. Kh1 Qxb2 22. Rb1 Qa3 23. Qh5 Bf6 24. Qxf5 Qxa4 25. Bb3 Qd4 26. Qd5 Qf4 27. Re4 Qc7 28. Rbe1 Rad8 29. Qb5 Bc3 30. Rd1 Qd7 1/2-1/2

[Event "2018 Michigan Senior"]
[Site "Flint"]
[Date "2018.06.23"]
[Round "2"]
[White "Gregg, Alan"]
[Black "Vandivier, Donald"]
[Result "1-0"]
[WhiteElo "1974"]
[BlackElo "1800"]
[PlyCount "65"]
[EventDate "2018.06.23"]
[EventType "swiss"]
[EventRounds "4"]

1. b3 d5 2. Bb2 Nf6 3. f4 c5 4. Nf3 Nc6 5. e3 Bf5 6. Be2 e6 7. O-O Be7 8. Ne5 Nxe5 9. Bxe5 O-O 10. d3 h6 11. Nd2 Nd7 12. Bb2 Bf6 13. d4 cxd4 14. exd4 g5 15. fxg5 Bxg5 16. Nf3 Be3+ 17. Kh1 Qc7 18. Bd3 Bg4 19. Qe2 Bg5 20. h3 Bxf3 21. Rxf3 Nf6 22. Raf1 Nh5 23. Qf2 Qe7 24. g4 Bh4 25. Qg2 Ng7 26. Bc1 Bg5 27. Bd2 e5 28. dxe5 Qxe5 29. Bb4 Ne6 30. Rf5 Qd4 31. Bxf8 Rxf8 32. Qxd5 Qe3 33. R5f3 1-0

[Event "2018 Michigan Open"]
[Site "Flint"]
[Date "2018.06.23"]
[Round "2"]
[White "Rutkofske, Lonnie"]
[Black "Scioly, Anthony"]
[Result "1-0"]
[WhiteElo "1820"]
[BlackElo "1664"]
[PlyCount "83"]
[EventDate "2018.06.23"]
[EventType "swiss"]
[EventRounds "4"]

1. c4 e5 2. g3 c6 3. Bg2 d5 4. b3 Nf6 5. Bb2 Bd6 6. Qc2 d4 7. Nf3 Bg4 8. O-O Nbd7 9. h3 Bh5 10. d3 c5 11. Nbd2 O-O 12. Rfe1 Qc7 13. Nh4 Rae8 14. Nf5 Bg6 15. Nxd6 Qxd6 16. Bxb7 Bf5 17. Bg2 Qe6 18. g4 Bg6 19. Ne4 Nxe4 20. dxe4 Nf6 21. Ba3 Rc8 22. f3 Rfd8 23. Red1 Qa6 24. Bc1 h6 25. Bd2 Nd7 26. Be1 Nf8 27. Bg3 f6 28. Qd2 Ne6 29. h4 Re8 30. Bh3 Rc6 31. g5 hxg5 32. hxg5 fxg5 33. Bxe5 Bf7 34. Bg3 Qb7 35. Kf2 Qe7 36. Rh1 Nf8 37. Rag1 Rh6 38. Bg2 Ng6 39. Qa5 Nf4 40. Bf1 Rc8 41. Rxh6 gxh6 42. Bxf4 1-0

[Event "2018 Michigan Senior"]
[Site "Flint"]
[Date "2018.06.23"]
[Round "1"]
[White "Hahn, David"]
[Black "Rutkofske, Lonnie"]
[Result "1-0"]
[WhiteElo "2107"]
[BlackElo "1820"]
[PlyCount "54"]
[EventDate "2018.06.23"]
[EventType "swiss"]
[EventRounds "4"]

1. c4 e6 2. g3 f5 3. Bg2 Nf6 4. Nf3 Be7 5. O-O O-O 6. Nc3 c6 7. d4 Na6 8. b3 Nc7 9. Qc2 d6 10. Bb2 Qe8 11. e4 f4 12. e5 dxe5 13. Nxe5 Nd7 14. gxf4 Nf6 15. Ne2 Qh5 16. Rad1 Bd7 17. Rd3 Qe8 18. Rh3 Rd8 19. Kh1 Bc8 20. Ng3 c5 21. dxc5 Bxc5 22. Ne4 Bd4 23. Nxf6+ Rxf6 24. Qxh7+ Kf8 25. Bxd4 Rxd4 26. Qh8+ Ke7 27. Qxg7+ Rf7 1-0

[Event "Skittles-G/25 3 sec delay-beer"]
[Site "Port Huron-Am. Legion"]
[Date "6.06.09"]
[Round "?"]
[White "Wingrove, William"]
[Black "Rutkofske, Lonnie"]
[Result "0-1"]
[WhiteElo "1518"]
[BlackElo "1854"]
[PlyCount "100"]
[EventDate "2018.06.09"]
[EventType "game (rapid)"]

1. e4 e6 2. d4 d6 3. f4 Nd7 4. Nf3 Ne7 5. Nc3 a6 6. Be3 f5 7. Bc4 Nf6 8. e5 Nfd5 9. Nxd5 exd5 10. Bb3 h6 11. O-O Be6 12. Rc1 Ng6 13. c3 b5 14. a3 Qd7 15. Qe1 Be7 16. h4 O-O-O 17. h5 Nf8 18. Bd1 g6 19. Nd2 g5 20. Qe2 g4 21. a4 Qe8 22. axb5 axb5 23. Ra1 Nd7 24. Qxb5 Nb6 25. Qxe8 Rdxe8 26. Be2 Bd7 27. c4 dxc4 28. Nxc4 Nxc4 29. Bxc4 Bc6 30. d5 Bb7 31. e6 Bf6 32. Ba6 Bxa6 33. Rxa6 Kd8 34. Ra7 Rh7 35. b3 Rg7 36. Rc1 Reg8 37. Rc4 g3 38. Bd4 Bxd4+ 39. Rxd4 c5 40. Rda4 Rxa7 41. Rxa7 Rg4 42. Rd7+ Ke8 43. Rxd6 Rxf4 44. Rc6 Rd4 45. Kf1 Rxd5 46. Ke2 Ke7 47. Kf3 Rd3+ 48. Kf4 Kf6 49. Rxc5 Rxb3 50. e7 Kxe7 0-1